| 000 | 00888cam a2200217 4500 | ||
|---|---|---|---|
| 001 | WB3817-22 | ||
| 008 | 020507n2002 000 0 eng u | ||
| 035 | _a(Sirsi) u117838 | ||
| 245 | _aMore rural spend, less aid, says EU | ||
| 260 | _c2002 | ||
| 490 |
_aFarmers' Weekly _v136(18) 3 May 2002, 8(1) |
||
| 520 | _aAt an informal farm council in Murcia, 30 April 2002, EU farm ministers decided to support the EC's decision to cut agricultural aid in favour of increased spending on rural development. It is hoped that this would encourage voluntary modulation. Rural development accounts for only 10% of the E44bn (£27bn) common agricultural policy. | ||
| 590 | _aWB | ||
| 650 | _aEUROPEAN COMMISSION | ||
| 650 | _aCOMMON AGRICULTURAL POLICY | ||
| 650 | _aAGENDA 2000 | ||
| 650 | _aAGRICULTURAL POLICY | ||
| 650 | _aRURAL DEVELOPMENT | ||
| 690 |
_aRural _96268 |
||
| 942 | _n0 | ||
| 999 |
_c70165 _d70165 |
||